H-Letter Subdivisions of Africa - Statistics

General Stats
  • This quiz has been taken 15 times
    5 since last reset
  • The average score is 9 of 20
Answer Stats
Country Subdivision Type Answer % Correct
Chad Province Hadjer-Lamis
75%
Zimbabwe Province Harare
75%
Ethiopia Region Harari
75%
Eswatini Region Hhohho
75%
Kenya County Homa Bay
75%
Democratic Republic of the Congo Province Haut-Katanga
50%
Burkina Faso Region Hauts-Bassins
50%
Democratic Republic of the Congo Province Haut-Uele
50%
Somalia State Hirshabelle
50%
Mauritania Region Hodh Ech Chargui
50%
Angola Province Huambo
50%
Angola Province Huíla
50%
Namibia Region Hardap
25%
Central African Republic Prefecture Haute-Kotto
25%
Democratic Republic of the Congo Province Haut-Lomami
25%
Central African Republic Prefecture Haut-Mbomou
25%
Gabon Province Haut-Ogooué
25%
Côte d'Ivoire Region Haut-Sassandra
25%
Mauritania Region Hodh El Gharbi
25%
Uganda District Hoima
25%
No matching quizzes found
Score Distribution
Percent of People with Each Score
Percentile by Number Answered
Your Score History
You have not taken this quiz since the last reset